000 00511nam a2200157 4500
999 _c4743
_d4743
008 160921b xxu||||| |||| 00| 0 eng d
022 _a16565649
082 _aDPer. 303.405 H22 May-Sept 2015 n. 6-10
100 _915060
_aHusin, Salehuddin
245 _aDqn: a precursur to A.I.?/
_cSalehuddin Husin.
260 _aQuezon City:
_bHardware Zone Phils. Corp., .
_c©2015.
300 _av11 i6, page 14;
_c30 cm.
500 _aHWM Philippines.
650 0 _915061
_aArtificial intelligence
942 _2ddc
_cPER